000 00322nam a22001337a 4500
003 OSt
005 20170105103446.0
008 131129t xxu||||| |||| 00| 0 eng d
020 _a81-88237-60-4
040 _aASAB
_bASAB
_cASAB
100 _aA.V.S.S Sambamurty
_9343
245 _aA textbook of Plant Pathology
942 _2ddc
_cBK
999 _c16612
_d16612